| 000 | 01511nam a22002177a 4500 | ||
|---|---|---|---|
| 999 |
_c57630 _d57630 |
||
| 003 | Ge_BSU | ||
| 005 | 20200819142637.0 | ||
| 008 | 200819s2019 ge ||||| |||| 00| 0 geo d | ||
| 020 | _a9789941964800 | ||
| 041 | _ageo | ||
| 080 | _a347.7 ბ-97 | ||
| 100 |
_aბურდული, ირაკლი _97029 |
||
| 245 |
_aშეზღუდული პასუხისმგებლობის საზოგადოება საქართველოში: _bარსებული რეალობა და რეგულატორული დეფიციტი / _cირაკლი ბურდული, გიორგი მახარობლიშვილი, გვანცა მაღრაძე; საკორპორაციო, საბანკო და ეკონომიკური სამართლის ინსტიტუტი. იურიდიული ფაკულტეტი. |
||
| 264 |
_aთბილისი: _bიურისტების სამყარო, _c2019. |
||
| 300 |
_a220 გვ.; _b20 სმ. |
||
| 653 | _aშეზღუდული პასუხისმგებლობის საზოგადოება საქართველოში | ||
| 653 | _aსამართალი | ||
| 700 |
_aმახარობლიშვილი, გიორგი _eავტორი _99266 |
||
| 700 |
_aმაღრაძე, გვანცა _eავტორი _99267 |
||
| 942 |
_2udc _cBK |
||